000
00232nam a22000857a 4500
008
161125b xxu||||| |||| 00| 0 eng d
100
_9
1447
_a
CBSE
245
_a
Environmental education 1-VII TEACHERS GUIDLINES
260
_a
Delhi
_b
CBSE
_c
2005
999
_c
4171
_d
4171